[Event "XXXII Festival A"]
[Site "Arco ITA"]
[Date "2010.10.17"]
[Round "2"]
[White "Ager, Josef"]
[Black "Wild, Helmut"]
[Result "1-0"]
[WhiteElo "2194"]
[BlackElo "1955"]
[PlyCount "123"]
[EventDate "2010.10.16"]

1. Nf3 c5 2. g3 Nc6 3. Bg2 Nf6 4. c4 d5 5. cxd5 Nxd5 6. O-O e5 7. Nc3 Be6 8. d3
f6 9. Nd2 Be7 10. Nc4 O-O 11. Ne3 Nxe3 12. Bxe3 Rc8 13. Rc1 Qd7 14. Re1 b6 15.
Qa4 Rfd8 16. f4 Bf8 17. fxe5 Nxe5 18. Qxd7 Rxd7 19. h3 Nc6 20. b3 Bd6 21. Bf2
Be5 22. Nb5 a6 23. Nc3 Nb4 24. a3 Bxc3 25. Rxc3 Na2 26. Rc2 Bxb3 27. Rb2 c4 28.
dxc4 Bxc4 29. Bxb6 Nc3 30. Ba5 Nd1 31. Rd2 Rxd2 32. Bxd2 Rd8 33. Ba5 Rd6 34. e4
Nb2 35. e5 fxe5 36. Rxe5 Re6 37. Rc5 Re3 38. Bb4 Rxg3 39. Kh2 Re3 40. Rxc4 Nxc4
41. Bd5+ Kh8 42. Bxc4 a5 43. Bd6 h6 44. a4 g5 45. Bc7 h5 46. Bxa5 Ra3 47. Bb5
Ra2+ 48. Kg1 Ra1+ 49. Kf2 Ra2+ 50. Kf1 Ra1+ 51. Be1 g4 52. hxg4 h4 53. Ke2 Ra2+
54. Kd3 h3 55. Bc3+ Kh7 56. Bc6 h2 57. a5 Kg6 58. Bd2 Ra3+ 59. Kc4 Ra4+ 60. Kb3
Rxg4 61. a6 Kf5 62. a7 1-0

[Event "XXXII Festival A"]
[Site "Arco ITA"]
[Date "2010.10.17"]
[Round "2"]
[White "Aigner, Georg"]
[Black "Damia, Angelo"]
[Result "0-1"]
[WhiteElo "1986"]
[BlackElo "2287"]
[PlyCount "64"]
[EventDate "2010.10.16"]

1. e4 c5 2. Nf3 a6 3. d4 cxd4 4. Nxd4 Nf6 5. Bd3 e5 6. Nb3 Nc6 7. Nc3 d6 8. h3
b5 9. a3 Be6 10. Nd2 Be7 11. O-O Rc8 12. Re1 g5 13. Nf1 g4 14. hxg4 Bxg4 15.
Be2 Be6 16. Ne3 Nd4 17. Ned5 Rg8 18. Nxf6+ Bxf6 19. Be3 Bh3 20. g3 Bh4 21. Kh2
Nxe2 22. Nxe2 Bg4 23. Qd2 Qf6 24. Nc3 Bg5 25. f4 Qh6+ 26. Kg1 Bf3 27. Qh2 exf4
28. Qxh6 Bxh6 29. Kf2 Rxg3 30. Rg1 Rh3 31. Rg8+ Kd7 32. Rxc8 fxe3+ 0-1

[Event "XXXII Festival A"]
[Site "Arco ITA"]
[Date "2010.10.17"]
[Round "2"]
[White "Billio, Atto"]
[Black "Di Lazzaro, Gabriele"]
[Result "1/2-1/2"]
[WhiteElo "2138"]
[BlackElo "1901"]
[PlyCount "54"]
[EventDate "2010.10.16"]

1. c4 e5 2. g3 Nc6 3. Bg2 Nf6 4. Nc3 Bb4 5. Nd5 Bc5 6. a3 a5 7. e3 O-O 8. Ne2
Nxd5 9. cxd5 Ne7 10. O-O d6 11. h3 c6 12. dxc6 Nxc6 13. d4 Ba7 14. b3 Bf5 15.
d5 Ne7 16. Kh2 Rc8 17. e4 Bd7 18. a4 Bc5 19. Bb2 f5 20. f4 Ng6 21. fxe5 Nxe5
22. Rc1 Qe7 23. exf5 Bxf5 24. Nd4 Bd7 25. Ne6 Bxe6 26. dxe6 Rxf1 27. Qxf1 Rf8
1/2-1/2

[Event "XXXII Festival A"]
[Site "Arco ITA"]
[Date "2010.10.17"]
[Round "2"]
[White "Blasco, Domenico"]
[Black "Luciani, Carlo"]
[Result "1/2-1/2"]
[WhiteElo "1961"]
[BlackElo "2230"]
[PlyCount "138"]
[EventDate "2010.10.16"]

1. d4 Nf6 2. Nf3 g6 3. e3 Bg7 4. Be2 d6 5. c4 O-O 6. Nc3 Nbd7 7. O-O e5 8. b4
c6 9. b5 Re8 10. Ba3 Bf8 11. bxc6 bxc6 12. dxe5 Nxe5 13. Nxe5 dxe5 14. Qxd8
Rxd8 15. Bxf8 Kxf8 16. Bf3 Be6 17. Bxc6 Rac8 18. Bd5 Bxd5 19. Nxd5 Nxd5 20.
cxd5 Rxd5 21. g3 Ra5 22. Rfb1 Rc2 23. a4 a6 24. Rb7 Rc4 25. Rd1 e4 26. g4 Rc6
27. Rdd7 Rf6 28. Rd4 Rc5 29. Rb2 Re6 30. Rbb4 Rce5 31. Kg2 g5 32. h3 Kg7 33.
Rbc4 Kg6 34. Rc7 h6 35. Rcc4 h5 36. Rc7 h4 37. Rdd7 Rf6 38. Rd4 Re8 39. Rcc4
Rfe6 40. Rd5 R8e7 41. Rcc5 f6 42. Rc8 Rb6 43. Rd4 Rbe6 44. Rdd8 Rb6 45. Rg8+
Rg7 46. Rxg7+ Kxg7 47. Rc4 Re6 48. Kf1 Kg6 49. Rb4 f5 50. gxf5+ Kxf5 51. Kg2
Rc6 52. Rd4 Rc5 53. Rd6 a5 54. Ra6 g4 55. hxg4+ Kxg4 56. Rg6+ Kh5 57. Ra6 Rg5+
58. Kh3 Rf5 59. Ra8 Rf3+ 60. Kg2 h3+ 61. Kh2 Rxf2+ 62. Kxh3 Rf3+ 63. Kg2 Rxe3
64. Rxa5+ Kg4 65. Kf2 Ra3 66. Ra8 Kf4 67. Rf8+ Ke5 68. Re8+ Kd4 69. Rd8+ Ke5
1/2-1/2

[Event "XXXII Festival A"]
[Site "Arco ITA"]
[Date "2010.10.17"]
[Round "2"]
[White "Bonade', Massimo"]
[Black "Fodor, Tamas jr"]
[Result "0-1"]
[WhiteElo "2091"]
[BlackElo "2451"]
[PlyCount "64"]
[EventDate "2010.10.16"]

1. d4 d5 2. Nf3 Nf6 3. e3 c5 4. b3 Nbd7 5. Bd3 g6 6. O-O Bg7 7. Nbd2 O-O 8. Bb2
cxd4 9. exd4 Re8 10. Re1 Nf8 11. Ne5 Ne6 12. g3 Qb6 13. c3 Bd7 14. f4 Rad8 15.
Ndf3 a6 16. Nxd7 Rxd7 17. f5 Nf8 18. Ne5 Rc7 19. c4 gxf5 20. Bxf5 dxc4 21. Rc1
cxb3 22. Rxc7 Qxc7 23. Qxb3 e6 24. Rc1 Qb8 25. Bb1 Rd8 26. Qc2 Nd5 27. Qf2 f6
28. Nd3 b6 29. Nf4 Nxf4 30. gxf4 f5 31. Rc6 Qb7 32. d5 Rxd5 0-1

[Event "XXXII Festival A"]
[Site "Arco ITA"]
[Date "2010.10.17"]
[Round "2"]
[White "Bortolotti, Silvano"]
[Black "Hilbenz, Guntram"]
[Result "0-1"]
[WhiteElo "1778"]
[BlackElo "1912"]
[PlyCount "62"]
[EventDate "2010.10.16"]

1. e4 e5 2. Nf3 d6 3. d4 exd4 4. Nxd4 Nf6 5. Nc3 Be7 6. Bd3 O-O 7. O-O Nc6 8.
Nde2 Ne5 9. f4 Ng6 10. h3 c6 11. Be3 b5 12. Nd4 Qc7 13. Nce2 a6 14. c4 c5 15.
Nf5 bxc4 16. Nxe7+ Qxe7 17. Bxc4 Qxe4 18. Qd3 Re8 19. Bd2 Bb7 20. Qxe4 Nxe4 21.
Rad1 d5 22. Bd3 Nxd2 23. Rxd2 Re3 24. Bxg6 fxg6 25. Rc1 Re7 26. Nc3 d4 27. Na4
c4 28. Rxd4 Re2 29. Rdxc4 Rxg2+ 30. Kf1 Rd8 31. R1c2 Rd1# 0-1

[Event "XXXII Festival A"]
[Site "Arco ITA"]
[Date "2010.10.17"]
[Round "2"]
[White "Bottesi, Gianluca"]
[Black "Sprea, Giuseppe"]
[Result "0-1"]
[WhiteElo "1704"]
[BlackElo "1982"]
[PlyCount "100"]
[EventDate "2010.10.16"]

1. d4 Nf6 2. c4 e6 3. Nc3 Bb4 4. Qc2 c5 5. e3 b6 6. Bd2 Bb7 7. f3 cxd4 8. exd4
O-O 9. Bd3 Nc6 10. Nge2 Rc8 11. a3 Be7 12. O-O h6 13. Be3 d5 14. Qd2 Na5 15.
Bxh6 Nxc4 16. Qg5 Ne8 17. Qh5 f5 18. Nf4 Qd7 19. Rae1 Rc6 20. Ng6 Rf6 21. Bg5
Rxg6 22. Qxg6 Bxg5 23. Qxg5 Nxb2 24. Qd2 Nxd3 25. Qxd3 Qc8 26. Nb5 Ba6 27. Nxa7
Bxd3 28. Nxc8 Rxc8 29. Rc1 Rxc1 30. Rxc1 Bc4 31. Kf2 Nd6 32. Ke3 Kf7 33. g4 g5
34. f4 gxf4+ 35. Kxf4 fxg4 36. a4 Bb3 37. Ke5 Nc4+ 38. Kf4 Bxa4 39. Kxg4 Nd6
40. Kg5 Nf5 41. Rf1 Bc2 42. h4 Kg7 43. Rf4 b5 44. h5 b4 45. Rg4 b3 46. Kf4+ Kh7
47. Ke5 b2 48. Rg1 b1=Q 49. Rxb1 Bxb1 50. Kxe6 Be4 0-1

[Event "XXXII Festival A"]
[Site "Arco ITA"]
[Date "2010.10.17"]
[Round "2"]
[White "Bove, Alessandro"]
[Black "Astengo, Marcello"]
[Result "1-0"]
[WhiteElo "2397"]
[BlackElo "2064"]
[PlyCount "61"]
[EventDate "2010.10.16"]

1. c4 b6 2. d4 Bb7 3. d5 g6 4. e4 Bg7 5. Nf3 d6 6. Bd3 c6 7. O-O Nd7 8. Na3
Ngf6 9. Rb1 O-O 10. Re1 Qc7 11. h3 a6 12. Bf4 Rfe8 13. Bh2 Ne5 14. Nxe5 dxe5
15. Qe2 Nh5 16. Qe3 Nf4 17. Bf1 e6 18. d6 Qd8 19. c5 b5 20. Nc2 Nh5 21. Be2 f5
22. Bxh5 f4 23. Qe2 gxh5 24. Qxh5 Qa5 25. a3 Qd8 26. Red1 a5 27. Ne1 b4 28. Nf3
Qf6 29. axb4 axb4 30. Ra1 Ba6 31. Rxa6 1-0

[Event "XXXII Festival A"]
[Site "Arco ITA"]
[Date "2010.10.17"]
[Round "2"]
[White "Buglisi, Massimo"]
[Black "Astengo, Corrado"]
[Result "0-1"]
[WhiteElo "1875"]
[BlackElo "2150"]
[PlyCount "108"]
[EventDate "2010.10.16"]

1. d4 d5 2. c4 e6 3. Nc3 Nf6 4. cxd5 exd5 5. Bg5 c6 6. e3 Bf5 7. Qf3 Bg6 8.
Bxf6 Qxf6 9. Qxf6 gxf6 10. Kd2 Nd7 11. Bd3 Bd6 12. Nf3 f5 13. Nh4 f4 14. Rhe1
O-O-O 15. e4 dxe4 16. Nxe4 Bb4+ 17. Nc3 Nf6 18. Nf5 Kb8 19. a3 Bxf5 20. Bxf5
Rxd4+ 21. Kc2 Bxc3 22. bxc3 Rd5 23. Bh3 Rhd8 24. Re7 Rd2+ 25. Kb3 Rf8 26. Rf1
Nd5 27. Rd7 Re2 28. Bg4 Re5 29. Bh3 Nb6 30. Rd4 f3 31. Rf4 Rb5+ 32. Kc2 fxg2
33. Bxg2 Re8 34. Bf3 Re7 35. Rg1 Nd5 36. Bxd5 Rxd5 37. Rg7 Rh5 38. Rfxf7 Rxf7
39. Rxf7 Rxh2 40. Kb3 h5 41. f4 h4 42. Rh7 h3 43. f5 Rf2 44. Rxh3 Rxf5 45. Rh7
a6 46. Kb4 Ka7 47. c4 Kb6 48. Rg7 a5+ 49. Kb3 Rf3+ 50. Ka4 Rc3 51. Rg4 Ka6 52.
Rg5 b5+ 53. cxb5+ cxb5+ 54. Rxb5 Rc4+ 0-1

[Event "XXXII Festival A"]
[Site "Arco ITA"]
[Date "2010.10.17"]
[Round "2"]
[White "Carrozza, Gregorio"]
[Black "Salati, Paolo"]
[Result "1/2-1/2"]
[WhiteElo "1667"]
[BlackElo "1861"]
[PlyCount "49"]
[EventDate "2010.10.16"]

1. e4 Nf6 2. e5 Nd5 3. d4 d6 4. Nf3 Bg4 5. Be2 e6 6. O-O Nc6 7. c4 Nb6 8. b3
Be7 9. exd6 cxd6 10. Nbd2 O-O 11. h3 Bh5 12. a3 Bf6 13. Bb2 Re8 14. Qc2 e5 15.
dxe5 Nxe5 16. Bxe5 Bxe5 17. Rae1 Bg6 18. Bd3 Bxd3 19. Qxd3 Nd7 20. Ne4 Nf6 21.
Nxe5 Nxe4 22. Rxe4 Rxe5 23. Rd1 Qa5 24. b4 Qc7 25. Qxd6 1/2-1/2

[Event "XXXII Festival A"]
[Site "Arco ITA"]
[Date "2010.10.17"]
[Round "2"]
[White "Cavatorta, Fosco"]
[Black "Eperjesi, Laszlo"]
[Result "0-1"]
[WhiteElo "1936"]
[BlackElo "2194"]
[PlyCount "82"]
[EventDate "2010.10.16"]

1. d4 Nf6 2. Nf3 e6 3. e3 b6 4. Bd3 Bb7 5. O-O c5 6. c4 Be7 7. Nc3 cxd4 8. exd4
d6 9. d5 exd5 10. cxd5 O-O 11. Nd4 a6 12. Nf5 Re8 13. Re1 Bf8 14. Rxe8 Qxe8 15.
Bf4 Nbd7 16. Nxd6 Qb8 17. Nxb7 Qxf4 18. d6 Ng4 19. Qf3 Qxh2+ 20. Kf1 Nge5 21.
Qe4 Nf6 22. Qf5 Nxd3 23. Qxd3 Qh1+ 24. Ke2 Qxa1 25. Kf3 Qxb2 26. g3 Nd7 27. Kg2
Rb8 28. Qf3 Qa3 29. Qc6 Rxb7 30. Qxb7 Qxd6 31. Ne4 Qd4 32. f3 a5 33. Qa7 h6 34.
Qb7 Nf6 35. Nf2 Bc5 36. Qc8+ Kh7 37. Qf5+ g6 38. Qc2 Qxf2+ 39. Qxf2 Bxf2 40.
Kxf2 b5 41. Ke3 h5 0-1

[Event "XXXII Festival A"]
[Site "Arco ITA"]
[Date "2010.10.17"]
[Round "2"]
[White "Cavatorta, Ivan"]
[Black "Casagrande, Fabio"]
[Result "0-1"]
[WhiteElo "1815"]
[BlackElo "2010"]
[PlyCount "66"]
[EventDate "2010.10.16"]

1. e4 e6 2. d4 d5 3. e5 c5 4. c3 Nc6 5. Nf3 Bd7 6. Be2 Qb6 7. O-O cxd4 8. cxd4
Nge7 9. Nc3 Nf5 10. Na4 Qc7 11. g4 Nfe7 12. Nc3 Qb6 13. Na4 Qd8 14. Nc3 h5 15.
Bg5 Qb6 16. h3 hxg4 17. hxg4 Ng8 18. Kg2 f6 19. Na4 Qc7 20. exf6 Nxf6 21. Rh1
Rxh1 22. Qxh1 O-O-O 23. Ne5 Nxe5 24. Bf4 Bxa4 25. Bxe5 Bd6 26. g5 Bxe5 27. dxe5
Qxe5 28. gxf6 Qxe2 29. Rc1+ Bc6 30. fxg7 Qg4+ 31. Kf1 Qxg7 32. Qh3 Kb8 33. Qxe6
Bb5+ 0-1

[Event "XXXII Festival A"]
[Site "Arco ITA"]
[Date "2010.10.17"]
[Round "2"]
[White "Cottarelli, Franco"]
[Black "De Simone Sorrentino, Fabio"]
[Result "1-0"]
[WhiteElo "1889"]
[BlackElo "1711"]
[PlyCount "71"]
[EventDate "2010.10.16"]

1. e4 e6 2. d3 d5 3. Nd2 Nf6 4. Ngf3 dxe4 5. dxe4 Be7 6. g3 O-O 7. Bg2 Nc6 8.
O-O Nd4 9. Nxd4 Qxd4 10. c3 Qb6 11. e5 Nd7 12. Qe2 Rd8 13. Nf3 Nf8 14. Be3 Bc5
15. Bxc5 Qxc5 16. Rad1 Bd7 17. Nd4 Qb6 18. Qc2 c5 19. Nf3 Bc6 20. b3 Qa6 21.
Rd2 Rd7 22. Rfd1 Rad8 23. h4 c4 24. Rxd7 Rxd7 25. Rxd7 Bxd7 26. Bf1 cxb3 27.
axb3 Qb6 28. Bd3 Qc5 29. Ng5 g6 30. Qe2 Qxc3 31. Qf3 f5 32. exf6 Bc6 33. f7+
Kh8 34. Ne4 Bxe4 35. Qxe4 Qxb3 36. Qe5# 1-0

[Event "XXXII Festival A"]
[Site "Arco ITA"]
[Date "2010.10.17"]
[Round "2"]
[White "De Bettin, Sergio"]
[Black "Leutwyler, Martin"]
[Result "0-1"]
[WhiteElo "1825"]
[BlackElo "2169"]
[PlyCount "34"]
[EventDate "2010.10.16"]

1. e4 Nf6 2. e5 Nd5 3. d4 d6 4. c3 Nc6 5. Nf3 g6 6. Bb5 a6 7. Bxc6+ bxc6 8. Ng5
Bg7 9. Qa4 Bd7 10. e6 fxe6 11. Nxe6 Bxe6 12. Qxc6+ Kf7 13. Qa4 Rf8 14. O-O Kg8
15. Qd1 Nf4 16. Be3 Qd7 17. Qd2 Nxg2 0-1

[Event "XXXII Festival A"]
[Site "Arco ITA"]
[Date "2010.10.17"]
[Round "2"]
[White "De Minico, Stefano"]
[Black "Ferrari, Michele"]
[Result "1/2-1/2"]
[WhiteElo "1921"]
[BlackElo "1808"]
[PlyCount "80"]
[EventDate "2010.10.16"]

1. d4 d5 2. Nf3 e6 3. c4 c6 4. cxd5 exd5 5. Nc3 f5 6. Bf4 Nf6 7. e3 Be7 8. Bd3
Ne4 9. Qc2 O-O 10. O-O-O Na6 11. Bxe4 fxe4 12. Ne5 Bd6 13. f3 Bxe5 14. Bxe5 Nb4
15. Qe2 Nd3+ 16. Kb1 Nxe5 17. dxe5 exf3 18. gxf3 Qg5 19. f4 Qg6+ 20. Kc1 Bg4
21. Rdg1 Bxe2 22. Rxg6 hxg6 23. Nxe2 Rad8 24. Rg1 Kh7 25. Nd4 Rde8 26. Rg4 a6
27. b4 b6 28. Kd2 c5 29. bxc5 bxc5 30. Nf3 Rb8 31. Ng5+ Kg8 32. Ne6 Rf7 33.
Nxc5 Rb2+ 34. Kd3 Rxa2 35. Rxg6 Rc7 36. Rxa6 Rxh2 37. Ra5 Rb2 38. e4 dxe4+ 39.
Kxe4 Rb4+ 40. Ke3 Kf7 1/2-1/2

[Event "XXXII Festival A"]
[Site "Arco ITA"]
[Date "2010.10.17"]
[Round "2"]
[White "De Polzer, Manfredi"]
[Black "Ciola, Alberto"]
[Result "0-1"]
[WhiteElo "1809"]
[BlackElo "1929"]
[PlyCount "74"]
[EventDate "2010.10.16"]

1. d4 Nf6 2. c4 g6 3. Nc3 Bg7 4. e4 d6 5. f4 O-O 6. Be2 e5 7. Nf3 exd4 8. Nxd4
Bd7 9. O-O Nc6 10. Bf3 Nxd4 11. Qxd4 Bc6 12. Qd3 Re8 13. Rb1 Rb8 14. a4 a5 15.
b3 Nd7 16. Nd5 Nc5 17. Qc2 Bxd5 18. exd5 Qf6 19. Qd2 Qd4+ 20. Kh1 b6 21. Qc2
Nd3 22. h3 Nxc1 23. Qxc1 f5 24. Rd1 Qc3 25. Re1 Kf8 26. Qd1 Rxe1+ 27. Qxe1 Re8
28. Qd1 Re3 29. Kh2 Bh6 30. Kg3 Bxf4+ 31. Kf2 Rd3 32. Qe1 Qd4+ 33. Kf1 Re3 34.
Qd1 Qe5 35. Be2 Bg3 36. Qd2 Qf4+ 37. Bf3 Rxf3+ 0-1

[Event "XXXII Festival A"]
[Site "Arco ITA"]
[Date "2010.10.17"]
[Round "2"]
[White "De Santis, Alessio"]
[Black "Virzi, Ettore"]
[Result "1-0"]
[WhiteElo "2300"]
[BlackElo "2002"]
[PlyCount "83"]
[EventDate "2010.10.16"]

1. d4 Nf6 2. c4 g6 3. Nc3 Bg7 4. e4 d6 5. f3 O-O 6. Bg5 c5 7. d5 a6 8. a4 e6 9.
Qd2 exd5 10. cxd5 Qa5 11. Ra3 Re8 12. Nge2 Nbd7 13. Ng3 Qb4 14. Be2 Ne5 15. Qc2
Qd4 16. Nd1 Qb4+ 17. Bd2 Qb6 18. a5 Qd8 19. O-O h5 20. Bg5 b5 21. Qc1 Qc7 22.
h3 b4 23. Ra1 Nh7 24. Bd2 Qe7 25. Ne3 h4 26. Nh1 g5 27. Nf2 Ng6 28. Nc4 Bd4 29.
Kh1 Ne5 30. Be3 Bxe3 31. Qxe3 Ng6 32. Nd3 f6 33. Rac1 Bb7 34. Rfe1 Bxd5 35. Nb6
Bc6 36. Nxa8 Bxa8 37. Nf2 Bb7 38. Ng4 Kg7 39. Bc4 Qc7 40. Qd2 Nhf8 41. Rcd1 Rd8
42. e5 1-0

[Event "XXXII Festival A"]
[Site "Arco ITA"]
[Date "2010.10.17"]
[Round "2"]
[White "Del Nevo, Claudio"]
[Black "Dalponte, Dino"]
[Result "0-1"]
[WhiteElo "1859"]
[BlackElo "2141"]
[PlyCount "37"]
[EventDate "2010.10.16"]

1. d4 d5 2. Nf3 c6 3. c3 Nf6 4. Bg5 h6 5. Bxf6 exf6 6. e3 Bf5 7. Bd3 Be4 8. Qc2
f5 9. Nbd2 Bd6 10. h4 Nd7 11. h5 Qe7 12. O-O-O Nf6 13. Nh4 Ng4 14. Ndf3 Qe6 15.
Qe2 g5 16. hxg6 fxg6 17. g3 O-O-O 18. Bxe4 dxe4 19. c4 0-1

[Event "XXXII Festival A"]
[Site "Arco ITA"]
[Date "2010.10.17"]
[Round "2"]
[White "Dittmar, Peter"]
[Black "De Andres Gonalons, Fernando"]
[Result "1/2-1/2"]
[WhiteElo "2328"]
[BlackElo "2041"]
[PlyCount "53"]
[EventDate "2010.10.16"]

1. c4 e6 2. g3 d5 3. Nf3 Nf6 4. Bg2 dxc4 5. Qa4+ Nbd7 6. Qxc4 c5 7. O-O b6 8.
Nd4 Ne5 9. Nc6 Nxc4 10. Nxd8 Nd5 11. Nc3 Kxd8 12. Nxd5 Bb7 13. Nc3 Bxg2 14.
Kxg2 Na5 15. Rd1 Nc6 16. e3 e5 17. d4 cxd4 18. exd4 exd4 19. Nb5 Bc5 20. Be3
Ke7 21. Nxd4 Nxd4 22. Bxd4 Bxd4 23. Rxd4 Rhd8 24. Re1+ Kf8 25. Red1 Rxd4 26.
Rxd4 Ke7 27. Kf3 1/2-1/2

[Event "XXXII Festival A"]
[Site "Arco ITA"]
[Date "2010.10.17"]
[Round "2"]
[White "Drasko, Milan"]
[Black "Camerini, Lorenzo"]
[Result "1/2-1/2"]
[WhiteElo "2486"]
[BlackElo "2100"]
[PlyCount "115"]
[EventDate "2010.10.16"]

1. Nf3 g6 2. g3 Bg7 3. d4 Nf6 4. Bg2 O-O 5. c4 d6 6. O-O Nc6 7. Nc3 a6 8. Bd2
Rb8 9. Rc1 Bd7 10. d5 Na5 11. b3 c5 12. dxc6 Bxc6 13. Bg5 Ne4 14. Nxe4 Bxe4 15.
Qd2 Nc6 16. Rfd1 Re8 17. Nh4 Bxg2 18. Nxg2 Qa5 19. Qxa5 Nxa5 20. Be3 Rec8 21.
Bb6 Nc6 22. Ne3 Kf8 23. Rd2 Ne5 24. Nd5 Rc6 25. Bd4 Re8 26. Rcd1 Nd7 27. Be3 h6
28. f3 Rcc8 29. a4 Rb8 30. a5 Rec8 31. Ba7 Ra8 32. Bf2 Rab8 33. e4 Rc6 34. Kg2
Ke8 35. g4 Nf6 36. Nb6 Nd7 37. Nd5 Nf6 38. Nb4 Rcc8 39. Ba7 Ra8 40. Bd4 Rab8
41. e5 dxe5 42. Bxe5 Ra8 43. Re1 Rd8 44. Rde2 Kf8 45. Kg3 e6 46. Re3 Rac8 47.
Nd3 Ng8 48. Rc1 Ne7 49. Bxg7+ Kxg7 50. Nf2 Nc6 51. Ra1 Nb4 52. Re2 Nd3 53. Rc2
Nb4 54. Rb2 Nd3 55. Ra4 Kf6 56. Rb4 Rc7 57. Re2 Rdd7 58. Rc2 1/2-1/2

[Event "XXXII Festival A"]
[Site "Arco ITA"]
[Date "2010.10.17"]
[Round "2"]
[White "Galas, Franco"]
[Black "Wagner, Frank"]
[Result "1/2-1/2"]
[WhiteElo "1794"]
[BlackElo "1919"]
[PlyCount "67"]
[EventDate "2010.10.16"]

1. d4 Nf6 2. Nf3 g6 3. c3 Bg7 4. e3 O-O 5. Be2 b6 6. Nbd2 Bb7 7. b3 d6 8. Bb2
Nbd7 9. Qc2 c5 10. dxc5 Nxc5 11. O-O Rc8 12. Rac1 Qc7 13. Nd4 Nfe4 14. Nxe4
Bxe4 15. Qd1 Qb8 16. Bf3 Qa8 17. Bxe4 Nxe4 18. Qd3 Rc5 19. f3 Nf6 20. Rc2 Nd7
21. f4 Nf6 22. Qe2 Rfc8 23. f5 Ne4 24. fxg6 hxg6 25. Qf3 Nf6 26. Qxa8 Rxa8 27.
c4 Ng4 28. Re2 Bh6 29. Bc1 d5 30. h3 Nf6 31. cxd5 Nxd5 32. e4 Bxc1 33. exd5 Bg5
34. Nc6 1/2-1/2

[Event "XXXII Festival A"]
[Site "Arco ITA"]
[Date "2010.10.17"]
[Round "2"]
[White "Garvani, Vittorio"]
[Black "Lezzerini, Marco"]
[Result "1/2-1/2"]
[WhiteElo "1940"]
[BlackElo "1674"]
[PlyCount "53"]
[EventDate "2010.10.16"]

1. d4 Nf6 2. c4 g6 3. Nc3 Bg7 4. e4 d6 5. f4 O-O 6. Nf3 c5 7. d5 e6 8. Be2 exd5
9. cxd5 Re8 10. e5 dxe5 11. fxe5 Ng4 12. Bg5 Qa5 13. O-O Nxe5 14. Nxe5 Bxe5 15.
d6 Bxc3 16. bxc3 Qxc3 17. Bb5 Bd7 18. Bxd7 Nxd7 19. Kh1 Qc4 20. Qf3 Rab8 21.
Qh3 Qe6 22. Qg3 b5 23. Rfe1 Qf5 24. Rf1 Qe6 25. Rfe1 Qf5 26. Rf1 Qe6 27. Rfe1
1/2-1/2

[Event "XXXII Festival A"]
[Site "Arco ITA"]
[Date "2010.10.17"]
[Round "2"]
[White "Giancotti, Eraldo"]
[Black "Szabo, Bence"]
[Result "0-1"]
[WhiteElo "2062"]
[BlackElo "2375"]
[PlyCount "64"]
[EventDate "2010.10.16"]

1. Nf3 Nf6 2. c4 c5 3. d4 cxd4 4. Nxd4 e6 5. g3 Qb6 6. Bg2 Bc5 7. e3 Nc6 8.
Nxc6 dxc6 9. O-O O-O 10. Nc3 Qc7 11. b3 e5 12. Bb2 Bf5 13. Qe2 Qe7 14. e4 Bg4
15. Bf3 Bxf3 16. Qxf3 Rad8 17. Ne2 Rd7 18. Rad1 Rfd8 19. Rxd7 Rxd7 20. Bc3 Ne8
21. Qf5 f6 22. Kg2 Rd3 23. Qg4 b5 24. cxb5 cxb5 25. Rc1 Nc7 26. Ba5 Ne6 27. Nc3
Rd2 28. Nd5 Rxf2+ 29. Kh1 Qe8 30. b4 h5 31. Qd1 Qg6 32. Nc3 Bd4 0-1

[Event "XXXII Festival A"]
[Site "Arco ITA"]
[Date "2010.10.17"]
[Round "2"]
[White "Giaracuni, Claudio"]
[Black "Ziltener, Werner"]
[Result "1-0"]
[WhiteElo "1784"]
[BlackElo "2116"]
[PlyCount "119"]
[EventDate "2010.10.16"]

1. d4 d5 2. Nf3 Nf6 3. Bf4 c5 4. e3 Nc6 5. Be2 Qb6 6. b3 Bf5 7. Nh4 Bd7 8. Nf3
e6 9. O-O Be7 10. h3 Ne4 11. Ne5 cxd4 12. Nxc6 Bxc6 13. Qxd4 Bf6 14. Be5 Qxd4
15. exd4 Bxe5 16. dxe5 O-O 17. Bd3 Rfd8 18. Rd1 d4 19. f3 Nc5 20. Na3 Nd7 21.
f4 Nb6 22. Nc4 Nd5 23. g3 Nc3 24. Re1 b6 25. Nd6 h5 26. a4 Rab8 27. Kf2 a5 28.
g4 hxg4 29. hxg4 Kf8 30. f5 Ke7 31. g5 Rh8 32. f6+ gxf6 33. gxf6+ Kd7 34. Rg1
Rh2+ 35. Ke1 Rbh8 36. Bb5 Rh1 37. Kd2 R1h2+ 38. Kc1 Bxb5 39. axb5 Ne2+ 40. Kb2
Nxg1 41. Rxg1 R8h7 42. Rd1 R2h4 43. b4 Kc7 44. bxa5 bxa5 45. Kb3 d3 46. cxd3
Rb4+ 47. Ka3 Rhh4 48. Rc1+ Kd7 49. Rc4 Rbxc4 50. dxc4 Rh3+ 51. Ka4 Re3 52. Nxf7
Re4 53. Kxa5 Rxc4 54. Ka6 Ra4+ 55. Kb7 Re4 56. b6 Re1 57. Kb8 Rg1 58. b7 Rg8+
59. Ka7 Kc7 60. Ng5 1-0

[Event "XXXII Festival A"]
[Site "Arco ITA"]
[Date "2010.10.17"]
[Round "2"]
[White "Grinza, Andrea"]
[Black "Kern, Beat"]
[Result "1-0"]
[WhiteElo "2239"]
[BlackElo "1668"]
[PlyCount "57"]
[EventDate "2010.10.16"]

1. d4 Nf6 2. c4 e6 3. g3 d5 4. Bg2 c6 5. Nf3 Bd6 6. O-O O-O 7. b3 Nbd7 8. Bb2
Re8 9. Nbd2 b6 10. Ne5 Bb7 11. e4 Rc8 12. Nxf7 Kxf7 13. e5 Bb8 14. exf6 Qxf6
15. f4 Kg8 16. Qc2 Qf5 17. Rac1 Nf6 18. Nf3 Qxc2 19. Rxc2 Bd6 20. Re1 Bb4 21.
Bc3 Bxc3 22. Rxc3 dxc4 23. Rxc4 c5 24. dxc5 Bd5 25. Rcc1 bxc5 26. Ne5 a5 27.
Nc4 Bxc4 28. Rxc4 Kf7 29. Ra4 1-0

[Event "XXXII Festival A"]
[Site "Arco ITA"]
[Date "2010.10.17"]
[Round "2"]
[White "Herman, Matthew J."]
[Black "Nicolodi, Raoul"]
[Result "1-0"]
[WhiteElo "2149"]
[BlackElo "1939"]
[PlyCount "57"]
[EventDate "2010.10.16"]

1. e4 e6 2. d4 d5 3. Nd2 c5 4. exd5 Qxd5 5. Ngf3 cxd4 6. Bc4 Qd6 7. O-O Nf6 8.
Nb3 Nc6 9. Nbxd4 Nxd4 10. Nxd4 Be7 11. c3 O-O 12. Qf3 Qc7 13. Bb3 Bd7 14. Re1
Rad8 15. Nf5 Bc6 16. Qg3 Qxg3 17. Nxe7+ Kh8 18. hxg3 Bb5 19. a4 Bd3 20. Be3 Ne4
21. f3 Nxg3 22. Kf2 Nh5 23. g4 Nf6 24. g5 Nd7 25. Rad1 Ba6 26. Rh1 g6 27. Rh6
Rfe8 28. Bd4+ e5 29. Rdh1 1-0

[Event "XXXII Festival A"]
[Site "Arco ITA"]
[Date "2010.10.17"]
[Round "2"]
[White "Kaczur, Florian"]
[Black "Trois, Francisco R.T."]
[Result "0-1"]
[WhiteElo "2035"]
[BlackElo "2309"]
[PlyCount "100"]
[EventDate "2010.10.16"]

1. d4 Nf6 2. Bg5 d6 3. Bxf6 exf6 4. e3 c6 5. c4 f5 6. Nc3 Nd7 7. g3 g6 8. Nge2
Bg7 9. Bg2 O-O 10. O-O Re8 11. b4 Nf6 12. Rb1 a6 13. Qd3 Qe7 14. a4 Ne4 15. b5
axb5 16. axb5 Be6 17. Rb3 cxb5 18. Nd5 Bxd5 19. cxd5 Rec8 20. Rxb5 Ra2 21. Rfb1
Rd2 22. Bxe4 Rxd3 23. Bxd3 Rc7 24. Nc1 Bxd4 25. exd4 Qe1+ 26. Kg2 Rxc1 27. Rxc1
Qxc1 28. Rxb7 Qc3 29. Bb5 Qxd4 30. Bc6 g5 31. Rd7 Qe5 32. Rd8+ Kg7 33. Re8 Qd4
34. Rd8 f4 35. gxf4 Qxf4 36. Re8 g4 37. Re3 h5 38. h4 gxh3+ 39. Rxh3 h4 40. Re3
Kh6 41. Ra3 Qg4+ 42. Kh2 f5 43. Rh3 Qf4+ 44. Kg1 Kg5 45. Bd7 Qg4+ 46. Kh2 Qe2
47. Kg1 Qd1+ 48. Kh2 Qxd5 49. Ba4 Qe5+ 50. Kg1 Qa1+ 0-1

[Event "XXXII Festival A"]
[Site "Arco ITA"]
[Date "2010.10.17"]
[Round "2"]
[White "Karl, Hans"]
[Black "Pegoraro, Nicola"]
[Result "1/2-1/2"]
[WhiteElo "2211"]
[BlackElo "1975"]
[PlyCount "104"]
[EventDate "2010.10.16"]

1. d4 f5 2. c4 Nf6 3. Nc3 e6 4. g3 d5 5. Bg2 c6 6. Qd3 Bd6 7. Nh3 O-O 8. Bf4 b6
9. O-O Qe7 10. Rac1 Ba6 11. b3 Ne4 12. Qc2 Nd7 13. Nxe4 fxe4 14. Bxd6 Qxd6 15.
Rfd1 Rac8 16. Qd2 Qe7 17. f3 exf3 18. exf3 dxc4 19. bxc4 e5 20. Re1 Qd6 21.
Red1 exd4 22. Qxd4 Qxd4+ 23. Rxd4 Nc5 24. f4 Rfe8 25. Rc2 h6 26. Rd6 Re6 27.
Rd4 Re7 28. f5 Rd7 29. Rcd2 Rcd8 30. Rxd7 Rxd7 31. Rxd7 Nxd7 32. Bxc6 Ne5 33.
Bd5+ Kf8 34. c5 bxc5 35. Nf4 c4 36. Kf2 Ke7 37. Ke3 Ng4+ 38. Kd4 Nxh2 39. Nh5
c3 40. Kxc3 Be2 41. Nxg7 Kf6 42. Ne6 Nf1 43. Nd4 Nxg3 44. a4 Bf1 45. Nc6 a6 46.
Kd2 Nxf5 47. Ke1 Ne3 48. Bf3 Bc4 49. Nb4 Ke6 50. Bb7 a5 51. Nc6 Bd5 52. Bc8+
Kd6 1/2-1/2